[Event "12sen.WM-D Naumburg"]
[Site "Naumburg/Saale(20.10.-03.11.)"]
[Date "2002.10.21"]
[Round "1"]
[White "Dmitrieva, Alla"]
[Black "Shestoperova, Alexandrova"]
[Result "0-1"]
[WhiteElo "1566"]
[BlackElo "2169"]
[PlyCount "140"]
[EventDate "2002.11.??"]

1. e4 c5 2. Nc3 Nc6 3. Nf3 e5 4. Bb5 d6 5. h3 Be6 6. d3 Nf6 7. Bg5 Be7 8. O-O
O-O 9. Bxf6 Bxf6 10. Nd5 Bxd5 11. exd5 Ne7 12. c4 Ng6 13. Rb1 Nf4 14. b4 b6 15.
bxc5 bxc5 16. Bc6 Rb8 17. Qc2 Qa5 18. Kh2 Qa3 19. Rb3 Rxb3 20. axb3 Rb8 21. Ba4
h6 22. g3 Ng6 23. Nd2 Be7 24. Ne4 a6 25. Nc3 Qb4 26. Nd1 Rf8 27. h4 Bd8 28. Ne3
f5 29. Bd7 Ne7 30. f4 exf4 31. Rxf4 g6 32. Be6+ Kh7 33. Qd1 Qc3 34. Rf1 Qe5 35.
Qf3 h5 36. Ng2 Ng8 37. Qf4 Nf6 38. Re1 Ng4+ 39. Kg1 Qxf4 40. Nxf4 Ne5 41. Kf2
a5 42. Rd1 Bb6 43. Ke2 Rb8 44. Kd2 Bc7 45. Kc2 Nf3 46. Rb1 Nd4+ 47. Kc3 Kg7 48.
Bd7 Kf6 49. Ne6 Bb6 50. Nxd4 cxd4+ 51. Kd2 Rb7 52. Be6 Bc5 53. Kc2 Bb4 54. Rf1
Kg7 55. Rf4 Bc3 56. Rf2 a4 57. Kb1 axb3 58. Rb2 Kf6 59. Bc8 Rb8 60. Bd7 Bxb2
61. Kxb2 Rb7 62. Bc6 Rb8 63. Bb5 g5 64. hxg5+ Kxg5 65. Kxb3 Kg4 66. Kc2 Kxg3
67. Bd7 f4 68. Bf5 h4 69. c5 dxc5 70. d6 h3 0-1

[Event "12sen.WM-D Naumburg"]
[Site "Naumburg/Saale(20.10.-03.11.)"]
[Date "2002.10.21"]
[Round "1"]
[White "Erenska_Barlo, Hanna"]
[Black "Lein, Marina"]
[Result "1-0"]
[WhiteElo "2183"]
[BlackElo "1979"]
[PlyCount "81"]
[EventDate "2002.11.??"]

1. e4 d6 2. d4 Nf6 3. Nc3 g6 4. f4 Bg7 5. Nf3 c5 6. dxc5 Qa5 7. Bd3 Qxc5 8. Qe2
Nc6 9. Be3 Qa5 10. Bd2 O-O 11. Nd5 Qd8 12. c3 Be6 13. Nxf6+ Bxf6 14. h3 Rc8 15.
O-O Na5 16. Nd4 Bc4 17. b3 Bxd3 18. Qxd3 Nc6 19. Ne2 a6 20. Rad1 Qa5 21. Qb1
Qc5+ 22. Kh2 Na7 23. Rf3 b5 24. Be3 Qc7 25. Qd3 Nc6 26. Bf2 Rfd8 27. g4 e5 28.
f5 g5 29. Ng3 Rd7 30. Nh5 Bh8 31. Qd2 f6 32. Rd3 Nd8 33. Rxd6 Rxd6 34. Qxd6
Qxc3 35. Qxa6 Qc2 36. Rf1 Rc3 37. Qxb5 Rc6 38. Qd5+ Nf7 39. a4 Rd6 40. Qb5 Qxe4
41. Qe8# 1-0

[Event "12sen.WM-D Naumburg"]
[Site "Naumburg/Saale(20.10.-03.11.)"]
[Date "2002.10.21"]
[Round "1"]
[White "Froeling, Philippa"]
[Black "Gudova, Tamara"]
[Result "0-1"]
[WhiteElo "1306"]
[BlackElo "2060"]
[PlyCount "58"]
[EventDate "2002.11.??"]

1. Nf3 d5 2. d4 Nf6 3. Nbd2 g6 4. c4 Bg7 5. cxd5 Nxd5 6. e4 Nb6 7. b3 Bxd4 8.
Nxd4 Qxd4 9. Ba3 Nc6 10. Rb1 O-O 11. Bb2 Qd8 12. Nc4 Qxd1+ 13. Rxd1 Be6 14. Bd3
Rfd8 15. Be2 Rxd1+ 16. Kxd1 Nxc4 17. Bxc4 Bxc4 18. bxc4 Rd8+ 19. Kc1 f6 20. Rd1
Rxd1+ 21. Kxd1 Kf7 22. f4 e5 23. fxe5 Nxe5 24. Bxe5 fxe5 25. g4 g5 26. Kc2 Ke6
27. Kc3 Kd6 28. a4 Kc5 29. a5 a6 0-1

[Event "12sen.WM-D Naumburg"]
[Site "Naumburg/Saale(20.10.-03.11.)"]
[Date "2002.10.21"]
[Round "1"]
[White "Gumilevskaja, Galina"]
[Black "Abdikasova, Panno"]
[Result "1-0"]
[WhiteElo "2093"]
[BlackElo "1976"]
[PlyCount "73"]
[EventDate "2002.11.??"]

1. d4 d5 2. Nf3 Nf6 3. e3 e6 4. c4 Nbd7 5. Nc3 c6 6. b3 Bb4 7. Bd2 O-O 8. a3
Bd6 9. cxd5 exd5 10. Bd3 Re8 11. Qc2 Qe7 12. O-O Bxa3 13. Ne5 Bd6 14. f4 Nf8
15. h3 N6d7 16. e4 f6 17. Nxd7 Bxd7 18. exd5 Qd8 19. dxc6 Bxc6 20. Bc4+ Kh8 21.
d5 Bd7 22. Kh1 a6 23. Bd3 Rc8 24. Qd1 Bb4 25. Ne4 Bxd2 26. Nd6 Qb6 27. Nxc8
Bxc8 28. Qxd2 Qxb3 29. Bc2 Qc4 30. Rac1 Qb5 31. Rfd1 Rd8 32. Be4 Qa4 33. Bf3 b5
34. Qe3 Qb4 35. Rc7 Bd7 36. d6 Ne6 37. Rxd7 1-0

[Event "12sen.WM-D Naumburg"]
[Site "Naumburg/Saale(20.10.-03.11.)"]
[Date "2002.10.21"]
[Round "1"]
[White "Hoose, Hannelore"]
[Black "Beliaeva, Natalia"]
[Result "0-1"]
[WhiteElo "1622"]
[BlackElo "2111"]
[PlyCount "118"]
[EventDate "2002.11.??"]

1. e4 c5 2. Nc3 Nc6 3. f4 d6 4. Nf3 Bg4 5. Be2 Nf6 6. d3 g6 7. Be3 Bg7 8. h3
Bxf3 9. Bxf3 O-O 10. Qd2 Nd7 11. Nd1 Qc7 12. c3 b5 13. O-O a5 14. Rc1 a4 15. a3
Na5 16. Qf2 Rab8 17. Rc2 e6 18. g4 Qd8 19. Kh1 Qe7 20. h4 f5 21. exf5 exf5 22.
g5 Nb6 23. Re2 Qf7 24. Bd2 Nb3 25. Rfe1 Nxd2 26. Re7 Ne4 27. dxe4 Qxe7 28. exf5
Qd7 29. f6 Bxf6 30. gxf6 Rxf6 31. Qg3 Kh8 32. Bg4 Qf7 33. Rf1 Rf8 34. Be2 Nc4
35. Bxc4 Qxc4 36. Ne3 Qe4+ 37. Ng2 Rf5 38. Kh2 Rd5 39. Re1 Qf5 40. Qf2 Rd3 41.
Re3 Qd5 42. Re2 Qf3 43. Qe1 Qh3+ 44. Kg1 Qg3 45. Qxg3 Rxg3 46. Kf2 Rd3 47. Ke1
Kg7 48. Re4 Kf6 49. Ne3 Rf7 50. Ke2 c4 51. Nxc4 bxc4 52. Rxc4 Rh3 53. Rxa4 Rh2+
54. Kd3 Rxb2 55. Ra6 Ke6 56. Ra4 Rc7 57. c4 Rh2 58. Rb4 Rh3+ 59. Ke4 Rxa3 0-1

[Event "12sen.WM-D Naumburg"]
[Site "Naumburg/Saale(20.10.-03.11.)"]
[Date "2002.10.21"]
[Round "1"]
[White "Janssen, Liselotte"]
[Black "Richter, Hildegard"]
[Result "1/2-1/2"]
[WhiteElo "1843"]
[BlackElo "1706"]
[PlyCount "26"]
[EventDate "2002.11.??"]

1. d4 d5 2. c4 e6 3. Nc3 Nf6 4. Bg5 c6 5. cxd5 exd5 6. Qc2 Be7 7. e3 O-O 8. Bd3
h6 9. Bh4 Re8 10. h3 Nbd7 11. Nf3 Ne4 12. Bxe7 Qxe7 13. O-O f5 1/2-1/2

[Event "12sen.WM-D Naumburg"]
[Site "Naumburg/Saale(20.10.-03.11.)"]
[Date "2002.10.21"]
[Round "1"]
[White "Khmiadashvili, Tamari"]
[Black "Krawcewicz, Lucyna"]
[Result "1-0"]
[WhiteElo "2330"]
[BlackElo "2035"]
[PlyCount "81"]
[EventDate "2002.11.??"]

1. c4 Nf6 2. Nc3 c6 3. e4 d6 4. d3 g6 5. f4 Bg7 6. Nf3 Bg4 7. Be2 Nbd7 8. Be3
Qa5 9. O-O O-O 10. h3 Bxf3 11. Bxf3 e5 12. f5 h6 13. a3 Qd8 14. g4 Nh7 15. Bg2
g5 16. b4 f6 17. c5 dxc5 18. Qb3+ Rf7 19. bxc5 Qc7 20. Rfc1 Bf8 21. Ne2 Rb8 22.
Bf1 Qa5 23. Qc4 Be7 24. Kg2 Qc7 25. a4 Rd8 26. Rab1 Nb8 27. Rb3 Rd7 28. Rcb1
Qc8 29. d4 exd4 30. Nxd4 Bd8 31. Qc2 Kh8 32. Bc4 Nf8 33. Ne6 b5 34. Nxd8 Qxd8
35. Bxf7 Rxf7 36. axb5 cxb5 37. c6 a6 38. Qc3 Qe7 39. Bd4 Nh7 40. e5 Kg7 41. c7
1-0

[Event "12sen.WM-D Naumburg"]
[Site "Naumburg/Saale(20.10.-03.11.)"]
[Date "2002.10.21"]
[Round "1"]
[White "Litinskaya, Marta_I"]
[Black "Shoushpanova, Nina"]
[Result "1-0"]
[WhiteElo "2402"]
[BlackElo "2058"]
[PlyCount "71"]
[EventDate "2002.11.??"]

1. d4 d5 2. c4 dxc4 3. Nf3 a6 4. e3 Bg4 5. Bxc4 e6 6. h3 Bxf3 7. Qxf3 Nc6 8.
O-O Bd6 9. Nc3 Nf6 10. a3 O-O 11. b4 Qe7 12. Bb2 e5 13. Nd5 Nxd5 14. Bxd5 exd4
15. exd4 Nd8 16. Rfe1 Qd7 17. Be4 c6 18. Bf5 Qc7 19. Qd3 g6 20. Bg4 f5 21. Bf3
Nf7 22. Qb3 Rfe8 23. d5 c5 24. bxc5 Qxc5 25. Re6 b5 26. Rc1 Qa7 27. Rce1 Rec8
28. Ba1 Qc7 29. Qb2 Be5 30. R6xe5 Nxe5 31. d6 Qxd6 32. Bxa8 Rxa8 33. Rxe5 Qd1+
34. Kh2 Qd6 35. g3 Kf8 36. Re3 1-0

[Event "12sen.WM-D Naumburg"]
[Site "Naumburg/Saale(20.10.-03.11.)"]
[Date "2002.10.21"]
[Round "1"]
[White "Luft, Helga"]
[Black "Komicheva, Margarita"]
[Result "0-1"]
[WhiteElo "1761"]
[BlackElo "2186"]
[PlyCount "87"]
[EventDate "2002.11.??"]

1. d4 d5 2. Nf3 e6 3. Bf4 c5 4. c3 Nc6 5. e3 Nf6 6. h3 Bd7 7. Nbd2 Be7 8. Be2
O-O 9. O-O Rc8 10. Ne5 Nxe5 11. Bxe5 Bc6 12. Nf3 Ne4 13. dxc5 Bxc5 14. Nd4 Bd6
15. Bxd6 Qxd6 16. Bd3 f5 17. Rc1 Nc5 18. Bc2 b5 19. Qh5 Be8 20. Qe2 a6 21. f4
Kh8 22. Nf3 Bh5 23. Qf2 Bxf3 24. Qxf3 Qb6 25. Kh1 b4 26. cxb4 Qxb4 27. b3 a5
28. g4 g6 29. g5 Rc7 30. Qe2 Rfc8 31. Bb1 Ne4 32. Qb2+ Kg8 33. Rxc7 Rxc7 34.
Qe5 Qd6 35. Qxd6 Nxd6 36. Kg2 Kf7 37. Rf2 Ke7 38. Rc2 Kd7 39. Kf2 Ne4+ 40. Ke1
Nc3 41. Rb2 Nxb1 42. Rxb1 Rc2 43. a3 Rh2 44. b4 0-1

[Event "12sen.WM-D Naumburg"]
[Site "Naumburg/Saale(20.10.-03.11.)"]
[Date "2002.10.21"]
[Round "1"]
[White "Malinicheva, Lidiya"]
[Black "Fatalibekova, Elena"]
[Result "1-0"]
[WhiteElo "2111"]
[BlackElo "2297"]
[PlyCount "95"]
[EventDate "2002.11.??"]

1. e4 c5 2. Nf3 g6 3. d4 cxd4 4. Qxd4 Nf6 5. Nc3 Nc6 6. Qd1 Bg7 7. Bc4 O-O 8.
O-O d6 9. h3 Bd7 10. Be3 Rc8 11. Bb3 b6 12. Qd2 Qc7 13. Bh6 Na5 14. Bxg7 Kxg7
15. Rfe1 Rcd8 16. Nd5 Nxd5 17. exd5 Rde8 18. Rad1 h6 19. Qd4+ f6 20. c3 Qc5 21.
Re3 Rf7 22. Rde1 Nxb3 23. axb3 a5 24. Qd2 b5 25. b4 axb4 26. cxb4 Qa7 27. Nd4
Qb7 28. Nb3 g5 29. Qd4 Kf8 30. Na5 Qb8 31. Qd3 Kg7 32. R1e2 Qb6 33. Re1 Qc7 34.
R3e2 Qb6 35. Rc1 Rc8 36. Rxc8 Bxc8 37. Nc6 Qc7 38. Qxb5 Bd7 39. Qc4 Bxc6 40.
dxc6 e5 41. b5 Rf8 42. Rd2 Rb8 43. Qe6 Rd8 44. b4 Kg6 45. g4 Qb8 46. Qe7 Qb6
47. c7 Ra8 48. Rxd6 1-0

[Event "12sen.WM-D Naumburg"]
[Site "Naumburg/Saale(20.10.-03.11.)"]
[Date "2002.10.21"]
[Round "1"]
[White "Mosionzhik, Bronia"]
[Black "Sotter, Gerlinde"]
[Result "1/2-1/2"]
[WhiteElo "2095"]
[BlackElo "1609"]
[PlyCount "83"]
[EventDate "2002.11.??"]

1. e4 e6 2. d4 d5 3. e5 c5 4. dxc5 Nc6 5. f4 Bxc5 6. Nf3 Nge7 7. c3 Nf5 8. Bd3
Ne3 9. Bxe3 Bxe3 10. g3 a6 11. Na3 Qb6 12. Nc2 Bc5 13. b4 Be7 14. Qd2 O-O 15.
Qe3 Qxe3+ 16. Nxe3 Bd7 17. O-O Rfc8 18. a3 Na7 19. c4 dxc4 20. Nxc4 Bd8 21.
Rac1 b5 22. Nd6 Bb6+ 23. Kg2 Rxc1 24. Rxc1 Bc6 25. Be4 Bxe4 26. Nxe4 Rc8 27.
Rxc8+ Nxc8 28. Kf1 Ne7 29. Nd6 Nd5 30. Ng5 Ne3+ 31. Ke2 h6 32. Ngxf7 Nc2 33.
Kd3 Nxa3 34. g4 Nc4 35. g5 Nxd6 36. Nxd6 hxg5 37. fxg5 Kh7 38. Nc8 Bg1 39. h4
Kg6 40. Ne7+ Kh5 41. Nc6 Kxh4 42. Nd8 1/2-1/2

[Event "12sen.WM-D Naumburg"]
[Site "Naumburg/Saale(20.10.-03.11.)"]
[Date "2002.10.21"]
[Round "1"]
[White "Sorokina, Tamara"]
[Black "Purevdorj, Bujinlkhoun"]
[Result "1-0"]
[WhiteElo "2133"]
[BlackElo "1998"]
[PlyCount "35"]
[EventDate "2002.11.??"]

1. Nf3 d5 2. d4 Nf6 3. Bf4 e6 4. e3 c5 5. c3 Bd6 6. Ne5 O-O 7. Nd2 a6 8. a4 Nc6
9. Bd3 Ne7 10. O-O Ng6 11. Bg3 b6 12. f4 Ne8 13. Ndf3 Nxe5 14. fxe5 f5 15. exf6
Rxf6 16. Ne5 Ra7 17. Rxf6 gxf6 18. Bxh7+ 1-0

[Event "12sen.WM-D Naumburg"]
[Site "Naumburg/Saale(20.10.-03.11.)"]
[Date "2002.10.21"]
[Round "1"]
[White "Zakhvatova, Roufina"]
[Black "Strelnikova, Elena"]
[Result "0-1"]
[WhiteElo "1558"]
[BlackElo "2175"]
[PlyCount "60"]
[EventDate "2002.11.??"]

1. d4 e6 2. Nf3 f5 3. g3 d5 4. Bg2 Bd6 5. O-O Nf6 6. Nc3 c6 7. a4 a5 8. Ne5 O-O
9. f4 Na6 10. b3 Qe7 11. Bd2 Bd7 12. Re1 Be8 13. Bf3 Nc7 14. e3 Bxe5 15. dxe5
Ne4 16. Nxe4 dxe4 17. Be2 Rd8 18. Qc1 b6 19. Bc4 Bh5 20. Be2 Bf7 21. Bc4 Rd7
22. Bc3 Rfd8 23. Qb2 c5 24. Rac1 g5 25. Qb1 Bh5 26. Bb2 Bf3 27. Be2 Rd2 28.
Bxf3 exf3 29. Rf1 Rg2+ 30. Kh1 Rdd2 0-1

[Event "12sen.WM-D Naumburg"]
[Site "Naumburg/Saale(20.10.-03.11.)"]
[Date "2002.10.22"]
[Round "2"]
[White "Abdikasova, Panno"]
[Black "Froeling, Philippa"]
[Result "1-0"]
[WhiteElo "1976"]
[BlackElo "1306"]
[PlyCount "77"]
[EventDate "2002.11.??"]

1. e4 e5 2. Nf3 Nc6 3. Bb5 Nge7 4. c3 g6 5. d3 Bg7 6. Nbd2 O-O 7. O-O a6 8. Ba4
b5 9. Bb3 Bb7 10. Re1 d5 11. exd5 Nxd5 12. Nf1 Qd6 13. Ng3 Nf4 14. d4 exd4 15.
Ne4 Nh3+ 16. gxh3 Qd8 17. Bg5 Qc8 18. Nc5 dxc3 19. Nxb7 Qxb7 20. Re3 cxb2 21.
Rb1 Na5 22. Bd5 c6 23. Re7 Qc8 24. Be4 Nc4 25. Qf1 Na3 26. Rd1 Re8 27. Rxe8+
Qxe8 28. Qe1 f5 29. Bb1 Qxe1+ 30. Nxe1 c5 31. Be7 Rc8 32. Nd3 Nxb1 33. Rxb1 c4
34. Nxb2 Re8 35. Bb4 Re2 36. Nd1 Rxa2 37. Nc3 Bxc3 38. Bxc3 Re2 39. Kf1 1-0

[Event "12sen.WM-D Naumburg"]
[Site "Naumburg/Saale(20.10.-03.11.)"]
[Date "2002.10.22"]
[Round "2"]
[White "Beliaeva, Natalia"]
[Black "Erenska_Barlo, Hanna"]
[Result "1-0"]
[WhiteElo "2111"]
[BlackElo "2183"]
[PlyCount "119"]
[EventDate "2002.11.??"]

1. d4 Nf6 2. Nf3 e6 3. c4 Bb4+ 4. Bd2 Be7 5. Nc3 d5 6. e3 b6 7. cxd5 exd5 8.
Bd3 O-O 9. Qc2 Ba6 10. Ne5 Bxd3 11. Qxd3 c6 12. O-O Nfd7 13. Nf3 f5 14. Rac1
Bd6 15. Ne2 a5 16. Nf4 Qe8 17. Ng5 h6 18. Nf3 g5 19. Ne2 Nf6 20. Ng3 Ne4 21.
Bc3 Nd7 22. a3 b5 23. Ne5 Bxe5 24. dxe5 Nxc3 25. Rxc3 Nxe5 26. Qc2 Qe6 27. b3
a4 28. Ne2 axb3 29. Rxb3 Nc4 30. Nd4 Qd7 31. Qc3 Ra6 32. Rd1 Qf7 33. Qd3 Kg7
34. Rdb1 Qf6 35. h3 h5 36. Ne2 h4 37. Nd4 Kg6 38. Rf1 Re8 39. Rfb1 Rea8 40. Nc2
Qd6 41. Nd4 Qe5 42. a4 bxa4 43. Rb7 Nd6 44. R7b6 Qe4 45. Qf1 Nc4 46. Rxa6 Rxa6
47. Rb7 a3 48. Qa1 Qd3 49. Qa2 Nxe3 50. Nf3 Qc3 51. fxe3 Qxe3+ 52. Kh1 Qc1+ 53.
Kh2 Ra4 54. Ne5+ Kf6 55. Nd3 Qe3 56. Qa1+ Qd4 57. Qe1 Qe4 58. Qc3+ Rd4 59.
Qxc6+ Qe6 60. Qc7 1-0

[Event "12sen.WM-D Naumburg"]
[Site "Naumburg/Saale(20.10.-03.11.)"]
[Date "2002.10.22"]
[Round "2"]
[White "Blagonadezhnaya, Idea"]
[Black "Sorokina, Tamara"]
[Result "1/2-1/2"]
[WhiteElo "2026"]
[BlackElo "2133"]
[PlyCount "24"]
[EventDate "2002.11.??"]

1. e4 c5 2. Nf3 Nc6 3. Nc3 d6 4. d4 cxd4 5. Nxd4 Nf6 6. Be2 a6 7. O-O e6 8. Be3
Bd7 9. f3 Be7 10. Qd2 O-O 11. Rfd1 Qc7 12. a3 Nxd4 1/2-1/2

[Event "12sen.WM-D Naumburg"]
[Site "Naumburg/Saale(20.10.-03.11.)"]
[Date "2002.10.22"]
[Round "2"]
[White "Fatalibekova, Elena"]
[Black "Zakhvatova, Roufina"]
[Result "1-0"]
[WhiteElo "2297"]
[BlackElo "1558"]
[PlyCount "26"]
[EventDate "2002.11.??"]

1. d4 d5 2. Nf3 Nf6 3. c4 e6 4. Nc3 Be7 5. Bg5 O-O 6. e3 Nbd7 7. Bd3 c5 8. O-O
cxd4 9. exd4 dxc4 10. Bxc4 h6 11. Bd2 Nb6 12. Bb3 Bd7 13. Ne2 Bc6 1-0

[Event "12sen.WM-D Naumburg"]
[Site "Naumburg/Saale(20.10.-03.11.)"]
[Date "2002.10.22"]
[Round "2"]
[White "Gudova, Tamara"]
[Black "Khmiadashvili, Tamari"]
[Result "0-1"]
[WhiteElo "2060"]
[BlackElo "2330"]
[PlyCount "120"]
[EventDate "2002.11.??"]

1. d4 d6 2. e4 c6 3. c4 e5 4. dxe5 dxe5 5. Qxd8+ Kxd8 6. Nf3 f6 7. Be3 Be6 8.
Nc3 Nd7 9. O-O-O Kc7 10. h3 g5 11. Be2 h5 12. Kc2 Nh6 13. Nd2 g4 14. f4 exf4
15. Bxf4+ Ne5 16. Nb3 Rd8 17. Rxd8 Kxd8 18. Rd1+ Kc8 19. Nd4 Bd7 20. h4 Nhf7
21. Be3 b6 22. Rf1 Be7 23. Nf5 Bxf5 24. exf5 Nd6 25. b3 Re8 26. c5 bxc5 27.
Bxc5 Nb5 28. Bg1 Nxc3 29. Kxc3 a5 30. Ba6+ Kc7 31. Rd1 Bd6 32. Bf1 Nd7 33. Bc4
Bg3 34. Be6 Nf8 35. Bf7 Re2 36. Bxh5 Rxg2 37. Be8 Re2 38. Bf7 Re1 39. Rxe1
Bxe1+ 40. Kd3 Bxh4 41. Ke4 Be1 42. Be3 Nd7 43. Bh5 g3 44. Bf3 Bc3 45. Bg2 Be5
46. Bd2 Nc5+ 47. Kf3 a4 48. Ba5+ Kd7 49. bxa4 Nxa4 50. Be1 c5 51. Bf1 Kc6 52.
Bxg3 Bxg3 53. Kxg3 Kd5 54. Bb5 Nc3 55. Bd7 c4 56. a4 Ne4+ 57. Kf4 Nc5 58. Bb5
Kd4 59. a5 c3 60. a6 Nxa6 0-1

[Event "12sen.WM-D Naumburg"]
[Site "Naumburg/Saale(20.10.-03.11.)"]
[Date "2002.10.22"]
[Round "2"]
[White "Komicheva, Margarita"]
[Black "Litinskaya, Marta_I"]
[Result "0-1"]
[WhiteElo "2186"]
[BlackElo "2402"]
[PlyCount "58"]
[EventDate "2002.11.??"]

1. e4 c5 2. c3 Nf6 3. e5 Nd5 4. d4 cxd4 5. Nf3 e6 6. Bc4 Nb6 7. Bb3 dxc3 8.
Nxc3 d5 9. exd6 Bxd6 10. O-O Nc6 11. Qe2 O-O 12. Rd1 Qe7 13. Ne4 Nd5 14. Nxd6
Qxd6 15. Be3 b6 16. Qd3 Ncb4 17. Qe4 f5 18. Qh4 Bb7 19. a3 Na6 20. Bd4 Rac8 21.
Qg5 Qd7 22. Ne5 Qd8 23. Qg3 Qe7 24. Rac1 Rfd8 25. Nf3 Nc5 26. Bc2 Nf6 27. Be3
Nce4 28. Bxe4 Nxe4 29. Rxd8+ Rxd8 0-1

[Event "12sen.WM-D Naumburg"]
[Site "Naumburg/Saale(20.10.-03.11.)"]
[Date "2002.10.22"]
[Round "2"]
[White "Krawcewicz, Lucyna"]
[Black "Purevdorj, Bujinlkhoun"]
[Result "1-0"]
[WhiteElo "2035"]
[BlackElo "1998"]
[PlyCount "50"]
[EventDate "2002.11.??"]

1. d4 d5 2. c4 e6 3. Nc3 Nf6 4. Nf3 Be7 5. Bg5 O-O 6. e3 Nbd7 7. Rc1 a6 8. a3
h6 9. Bh4 b6 10. cxd5 exd5 11. Bd3 Bb7 12. Bb1 Re8 13. Qc2 Nf8 14. O-O c5 15.
Rfd1 Rc8 16. dxc5 bxc5 17. Qb3 Rb8 18. Qc2 Qb6 19. Na4 Qb5 20. Bg3 Rbc8 21. Nc3
Qc6 22. Ne5 Qe6 23. Nd3 d4 24. Nf4 Qb6 25. Na4 Qb5 1-0

[Event "12sen.WM-D Naumburg"]
[Site "Naumburg/Saale(20.10.-03.11.)"]
[Date "2002.10.22"]
[Round "2"]
[White "Lein, Marina"]
[Black "Hoose, Hannelore"]
[Result "1/2-1/2"]
[WhiteElo "1979"]
[BlackElo "1622"]
[PlyCount "52"]
[EventDate "2002.11.??"]

1. c4 c5 2. Nc3 e6 3. Nf3 Nc6 4. e3 Nf6 5. Be2 Be7 6. O-O O-O 7. d4 cxd4 8.
exd4 d5 9. b3 a6 10. Bb2 h6 11. Ne5 Qd6 12. c5 Qc7 13. Nxc6 Qxc6 14. Na4 Bd8
15. Rc1 Bd7 16. Ba3 Re8 17. Qd3 e5 18. dxe5 Rxe5 19. Bf3 Bf5 20. Qd4 Rb8 21.
Nb6 Re8 22. Rcd1 Be4 23. Bxe4 Rxe4 24. Qd3 Bxb6 25. cxb6 Qxb6 26. Bb2 Rd8
1/2-1/2

[Event "12sen.WM-D Naumburg"]
[Site "Naumburg/Saale(20.10.-03.11.)"]
[Date "2002.10.22"]
[Round "2"]
[White "Richter, Hildegard"]
[Black "Mosionzhik, Bronia"]
[Result "0-1"]
[WhiteElo "1706"]
[BlackElo "2095"]
[PlyCount "98"]
[EventDate "2002.11.??"]

1. d4 Nf6 2. Nf3 d5 3. Bg5 Ne4 4. Bh4 c5 5. c3 Qb6 6. Qb3 Qxb3 7. axb3 Bf5 8.
dxc5 Nxc5 9. Nbd2 Nc6 10. b4 Ne4 11. b5 Nxd2 12. Kxd2 Nd8 13. Nd4 Bd7 14. e3 e5
15. Nb3 b6 16. Be2 Bd6 17. Bxd8 Kxd8 18. Rhd1 Kc7 19. Ke1 Be6 20. Rac1 Rad8 21.
Kf1 Kb8 22. Nd2 Be7 23. b3 f6 24. c4 d4 25. exd4 Rxd4 26. Nf3 Rxd1+ 27. Rxd1
Rd8 28. Rxd8+ Bxd8 29. Bd3 g6 30. h3 Kc7 31. Ne1 f5 32. f3 Be7 33. Ke2 Bc5 34.
Nc2 Kd6 35. Kd2 Bc8 36. Bf1 Bb7 37. Ke2 g5 38. Ne1 e4 39. fxe4 fxe4 40. g3 Ke5
41. Nc2 h5 42. Bg2 h4 43. gxh4 gxh4 44. Ne3 Kf4 45. Nf1 Bc8 46. Kd2 Bf5 47. Ke2
Bg6 48. Nd2 Bh5+ 49. Kf1 e3 0-1

[Event "12sen.WM-D Naumburg"]
[Site "Naumburg/Saale(20.10.-03.11.)"]
[Date "2002.10.22"]
[Round "2"]
[White "Shestoperova, Alexandrova"]
[Black "Gumilevskaja, Galina"]
[Result "0-1"]
[WhiteElo "2169"]
[BlackElo "2093"]
[PlyCount "72"]
[EventDate "2002.11.??"]

1. e4 Nc6 2. d4 d5 3. e5 Bf5 4. c3 e6 5. Nf3 Be7 6. Bd3 Bxd3 7. Qxd3 Qd7 8. O-O
O-O-O 9. b4 f5 10. exf6 gxf6 11. b5 Na5 12. Nbd2 Bd6 13. Re1 Re8 14. Nh4 Ne7
15. c4 b6 16. Bb2 Bb4 17. Bc3 Bxc3 18. Qxc3 Ng6 19. Nhf3 Rhg8 20. cxd5 exd5 21.
Rxe8+ Rxe8 22. a4 Nf4 23. Kf1 Qg4 24. Ne5 fxe5 25. dxe5 Qxg2+ 26. Ke1 Qxh2 27.
Rc1 Qh1+ 28. Nf1 Nc4 29. Kd1 Qxf1+ 30. Kc2 Qxf2+ 31. Kb1 Ne2 32. Qh3+ Kb8 33.
Rc2 Qe1+ 34. Ka2 Nc1+ 35. Kb1 Nd3+ 36. Ka2 Nb4+ 0-1

[Event "12sen.WM-D Naumburg"]
[Site "Naumburg/Saale(20.10.-03.11.)"]
[Date "2002.10.22"]
[Round "2"]
[White "Shoushpanova, Nina"]
[Black "Luft, Helga"]
[Result "1-0"]
[WhiteElo "2058"]
[BlackElo "1761"]
[PlyCount "103"]
[EventDate "2002.11.??"]

1. e4 c5 2. Nf3 Nc6 3. d4 cxd4 4. Nxd4 Nf6 5. Nc3 a6 6. Nxc6 bxc6 7. Bd3 Qc7 8.
O-O d6 9. b3 e5 10. Qe2 Be7 11. Bb2 O-O 12. Na4 Bg4 13. f3 Be6 14. c4 Nh5 15.
g3 Bh3 16. Rf2 Qa7 17. Rd1 f5 18. c5 fxe4 19. Qxe4 Bf5 20. Qxc6 Bxd3 21. Rxd3
Rac8 22. Qd5+ Kh8 23. cxd6 Rc2 24. Rdd2 Rxd2 25. Qxd2 Bd8 26. Bxe5 Nf6 27. Bd4
Qd7 28. Bc5 h6 29. Qd3 Qc6 30. Re2 Nd7 31. Qe4 Qb5 32. Ba3 Qh5 33. Qg4 Qf7 34.
Kg2 Nf6 35. Qe6 Qg6 36. d7 Rg8 37. Be7 Qd3 38. Nc5 Qd1 39. Bxd8 Rxd8 40. Qe7
Rg8 41. Re1 Qd2+ 42. Qe2 Qd5 43. Nxa6 Qxd7 44. Nc5 Qc6 45. b4 Re8 46. Qd2 Rxe1
47. Qxe1 Qa8 48. a4 Qd5 49. a5 Qc4 50. a6 Qa2+ 51. Qf2 Qa3 52. Qd2 1-0

[Event "12sen.WM-D Naumburg"]
[Site "Naumburg/Saale(20.10.-03.11.)"]
[Date "2002.10.22"]
[Round "2"]
[White "Strelnikova, Elena"]
[Black "Malinicheva, Lidiya"]
[Result "1-0"]
[WhiteElo "2175"]
[BlackElo "2111"]
[PlyCount "124"]
[EventDate "2002.11.??"]

1. e4 c5 2. f4 Nc6 3. Nf3 e6 4. Bb5 Nge7 5. Bxc6 Nxc6 6. d3 Be7 7. O-O O-O 8.
Nc3 d6 9. Ne2 f5 10. c3 Qc7 11. Ng3 Rb8 12. Bd2 b5 13. Rc1 g6 14. Qe2 Bf6 15.
Be3 b4 16. e5 Be7 17. cxb4 Nxb4 18. exd6 Bxd6 19. Bxc5 Nxd3 20. Qxd3 Bxc5+ 21.
Kh1 Qb6 22. Rfe1 Bf2 23. Red1 Be3 24. Rc2 Bxf4 25. Ne2 Ba6 26. Qa3 Bxe2 27.
Rxe2 Rbd8 28. Rde1 Rfe8 29. Qa4 Bb8 30. Ng5 Qd6 31. Nf3 Kf8 32. Qh4 Qe7 33. Ng5
Kg8 34. Rxe6 Qd7 35. Rxe8+ Rxe8 36. Rxe8+ Qxe8 37. Qxh7+ Kf8 38. Qh8+ Ke7 39.
Qxe8+ Kxe8 40. g3 Ke7 41. Kg2 Be5 42. b3 Kf6 43. Nf3 Bd6 44. Nd2 Be5 45. Nc4
Bd4 46. h3 g5 47. Nd2 Be5 48. Nc4 Bc3 49. Kf3 Bd4 50. Ke2 Ke6 51. Kf3 Kf6 52.
Ne3 Ke6 53. Nc2 Be5 54. Nb4 Bd4 55. Nd3 Kf6 56. g4 Bb6 57. Nb4 Bc5 58. Nd3 Bd4
59. Nf2 Bb6 60. gxf5 Kxf5 61. Ne4 Bd4 62. Nd6+ Kg6 1-0

[Event "12sen.WM-D Naumburg"]
[Site "Naumburg/Saale(20.10.-03.11.)"]
[Date "2002.10.23"]
[Round "3"]
[White "Abdikasova, Panno"]
[Black "Komicheva, Margarita"]
[Result "0-1"]
[WhiteElo "1976"]
[BlackElo "2186"]
[PlyCount "76"]
[EventDate "2002.11.??"]

1. d4 c5 2. d5 e5 3. e4 d6 4. c4 Nf6 5. Nc3 Be7 6. Be2 O-O 7. h3 Na6 8. Nf3 Bd7
9. Be3 Nc7 10. Nd2 a6 11. a4 a5 12. O-O Na6 13. f4 exf4 14. Bxf4 Re8 15. e5
dxe5 16. Bxe5 Qb6 17. d6 Bd8 18. Nf3 Bc6 19. Nd5 Nxd5 20. cxd5 Bd7 21. Kh1 f6
22. Bg3 Re3 23. Nd2 Rxg3 24. Nc4 Qb4 25. Kh2 Rb3 26. Bg4 Qxc4 27. Bxd7 Re3 28.
Re1 Qf4+ 29. Kh1 f5 30. Rxe3 Qxe3 31. Be6+ Kh8 32. Ra3 Qe5 33. d7 Nb4 34. Rb3
c4 35. Rc3 Nd3 36. Qf1 Qd4 37. Kh2 Bc7+ 38. g3 Qe3 0-1

[Event "12sen.WM-D Naumburg"]
[Site "Naumburg/Saale(20.10.-03.11.)"]
[Date "2002.10.23"]
[Round "3"]
[White "Erenska_Barlo, Hanna"]
[Black "Shoushpanova, Nina"]
[Result "1-0"]
[WhiteElo "2183"]
[BlackElo "2058"]
[PlyCount "45"]
[EventDate "2002.11.??"]

1. e4 g6 2. d4 Bg7 3. c3 c6 4. Bd3 d5 5. Nf3 dxe4 6. Bxe4 Nf6 7. Bc2 Bg4 8.
Nbd2 Nbd7 9. h3 Bxf3 10. Nxf3 Qc7 11. O-O O-O 12. Re1 e6 13. Bg5 c5 14. Qe2
cxd4 15. Nxd4 a6 16. Bh4 b5 17. Rad1 Rfe8 18. a4 e5 19. Nf3 Qc6 20. Bxf6 Nxf6
21. Nxe5 Qb6 22. Qf3 Ra7 23. a5 1-0